00783cam a22002417a 4500001001000000003000500010005001700015008004100032010001000073011001000083035001000093040000900103082001600112100003300128245018100161260002700342300001100369650002000380650002600400710004700426710005800473710001000531000028127CHAP20220817041852.0971013s1984 r 00010 d a27081 a28053 a32154 cCHAP04a633.15bL3300aLagunes Tejeda, Angelecomp.10aEmpleo de substancias vegetales contra plagas del maíz como una alternativa al uso de insecticidas en áreas de temporal (PCAFBNA-oo1299) : Informe del proyecto cooperativo. a(s.l. :bs.e.),c1984. a162 h.14aMaízxPlagas.14aPlantas insecticidas.0 aColegio de Postgraduados. Chapingo, Méx.0 aConsejo Nacional de Ciencia y Tecnología. México.0 aUACH.